LEADER 01169nam a2200229 i 4500 001 000000062183 003 CaOOAMICUS 005 20100416000000.0 008 100416s1981 it u000 u ita u 013 $a33355 040 $aSeMil$bita 245 10$aMovimento religioso femminile e francescanesimo nel secolo 13. :$bAtti del 7. Convegno Internazionale Assisi, 11-13 ottobre 1979 /$cSocietā Internazionale di Studi Francescani. 260 $aAssisi :$b[s.n.],$cstampa 1981$e(Assisi :$fPorziuncola,$gstampa 1981) 300 $a380 p. ;$c23 cm. 490 0 $aConvegni ;$v7. 650 4$aFrancescanesimo - Storia.$0(OLS)http://semarc/subject/6105 710 2 $aSocietā Internazionale di Studi Francescani$g.$0(OLS)http://semarc/name/31546 830 0$aConvegni ;$v7.$0(OLS)http://semarc/title/31170 850 $aSeMil 852 $aSeMil$W1$xVenegono$y1$m3H II 307$j28336$B28336$CSeMilBibl$Z2$F28339 $81 996 $6245$aMovimento religioso femminile e francescanesimo nel secolo 13. :$bAtti del 7. Convegno Internazionale Assisi, 11-13 ottobre 1979$9(OLS)http://semarc/title/97848 996 $6260$aAssisi :$b[s.n.]$9(OLS)http://semarc/publisher/30869 LEADER 00581nam a2200169 i 4500 001 000000071163 003 CaOOAMICUS 005 20130311000000.0 008 130311s1911 it u000 u ita u 013 $a42335 040 $aSeMil$bita 245 10$aVolume primo. 300 $a661 p., [1] p. di ritratto. 773 0 $aRosmini, Antonio $tEpistolario ascetico.$dRoma : Tip. del Senato, 1911-1912.$w()28179 850 $aSeMil 852 $aSeMil$W1$xVenegono$y1$m2L IV 26$j37316$B37316$CSeMilBibl$Z2$F37319 $81 996 $6245$aVolume primo$9(OLS)http://semarc/title/17661